Alcoholic fermentation (Record no. 17672)
[ view plain ]
| 000 -LEADER | |
|---|---|
| fixed length control field | 00365nam a22001577a 4500 |
| 003 - CONTROL NUMBER IDENTIFIER | |
| control field | OSt |
| 008 - FIXED-LENGTH DATA ELEMENTS--GENERAL INFORMATION | |
| fixed length control field | 230508b |||||||| |||| 00| 0 eng d |
| 020 ## - INTERNATIONAL STANDARD BOOK NUMBER | |
| ISBN | 9788194904090 |
| 041 ## - LANGUAGE CODE | |
| Language code of text/sound track or separate title | eng |
| 082 ## - DEWEY DECIMAL CLASSIFICATION NUMBER | |
| Classification number | 660.284 |
| Item number | HAR/AL |
| 100 ## - MAIN ENTRY--AUTHOR NAME | |
| Personal name | Harden,Arthur |
| 245 ## - TITLE STATEMENT | |
| Title | Alcoholic fermentation |
| 260 ## - PUBLICATION, DISTRIBUTION, ETC. (IMPRINT) | |
| Place of publication | Chennai |
| Name of publisher | Maxwell press |
| Year of publication | 2021 |
| 300 ## - PHYSICAL DESCRIPTION | |
| Number of Pages | 156 |
| 942 ## - ADDED ENTRY ELEMENTS (KOHA) | |
| Koha item type | Books |
| Withdrawn status | Lost status | Damaged status | Collection code | Home library | Current library | Shelving location | Date acquired | Source of acquisition | Cost, normal purchase price | Full call number | Accession Number | Koha item type |
|---|---|---|---|---|---|---|---|---|---|---|---|---|
| General Books | KAUAET | KAUAET | Scheme | 31/03/2023 | eedeeyou, Manjeri | 595.00 | 660.284 HAR/AL | BB 663 | Books | |||
| General Books | KAUAET | KAUAET | General Stacks | 25/03/2023 | EEDEEYOU | 595.00 | 660.284 HAR/AL | 26185 | Books |
